[Event "World Youth Girls U16 2014"]
[Site "Durban RSA"]
[Date "2014.09.21"]
[Round "3.1"]
[White "Narva, Mai"]
[Black "Haussernot, Cecile"]
[Result "0-1"]
[WhiteTitle "WCM"]
[BlackTitle "WFM"]
[WhiteElo "2210"]
[BlackElo "2011"]
[WhiteFideId "4500512"]
[BlackFideId "601632"]
[EventDate "2014.09.20"]

1. e4 c5 2. Nf3 d6 3. Bb5+ Nd7 4. d4 Nf6 5. Nc3 a6 6. Bxd7+ Nxd7 7. a4 e6 8. Be3
Qc7 9. O-O Be7 10. Nd2 Bf6 11. Nb3 b6 12. f4 O-O 13. Qg4 cxd4 14. Nxd4 Nc5 15.
f5 Bd7 16. Rad1 Rae8 17. Bh6 Kh8 18. fxe6 Bxd4+ 19. Rxd4 Nxe6 20. Nd5 Qc5 21.
Be3 Nxd4 22. Qxd7 Rxe4 23. Rxf7 Ree8 24. Qe7 Rg8 25. Qb7 Rb8 26. Qd7 Qxd5 27.
Bh6 Ne6 0-1

[Event "World Youth Girls U16 2014"]
[Site "Durban RSA"]
[Date "2014.09.21"]
[Round "3.2"]
[White "Virkud, Apurva"]
[Black "Ghukasyan, Siranush"]
[Result "1/2-1/2"]
[WhiteTitle "WCM"]
[WhiteElo "2041"]
[BlackElo "2155"]
[WhiteFideId "2050820"]
[BlackFideId "13300946"]
[EventDate "2014.09.20"]

1. d4 d5 2. c4 e6 3. Nc3 c6 4. e3 Nf6 5. Nf3 Nbd7 6. Bd3 dxc4 7. Bxc4 b5 8. Bd3
Bd6 9. O-O O-O 10. a4 b4 11. Ne4 Nxe4 12. Bxe4 Bb7 13. Qe2 Qe7 14. Bb1 c5 15.
Rd1 Rac8 16. b3 e5 17. dxe5 Nxe5 18. Nxe5 Bxe5 19. Bb2 Bxb2 20. Qxb2 Qg5 21. e4
f5 22. Qe2 Rfe8 23. f3 fxe4 24. Bxe4 Bxe4 25. fxe4 Qe5 26. Qc4+ Kh8 27. Rac1
Rcd8 28. Rd5 Rxd5 29. Qxd5 a6 30. Qxe5 Rxe5 31. Kf2 Kg8 32. Ke3 Kf7 33. Rf1+ Ke6
34. Rf8 Rg5 35. Kf3 c4 36. bxc4 Ra5 37. Rb8 Rxa4 38. c5 Ra3+ 39. Kf4 a5 40. e5
Rc3 41. Rb6+ Kd7 42. Rb5 Kc6 43. e6 Rc4+ 44. Kf3 b3 45. Rxb3 Kc7 46. Rb7+ Kd8
47. Rxg7 h5 48. Ra7 Rxc5 49. g3 Ke8 50. h3 Kf8 51. g4 hxg4+ 52. hxg4 Re5 53. Kf4
Rxe6 54. Kf5 Rb6 55. Rxa5 1/2-1/2

[Event "World Youth Girls U16 2014"]
[Site "Durban RSA"]
[Date "2014.09.21"]
[Round "3.3"]
[White "Derakhshani, Dorsa"]
[Black "Zhang, Lanlin"]
[Result "0-1"]
[WhiteTitle "WFM"]
[WhiteElo "2148"]
[BlackElo "1988"]
[WhiteFideId "12500330"]
[BlackFideId "8608032"]
[EventDate "2014.09.20"]

1. e4 c5 2. Nf3 d6 3. d4 cxd4 4. Nxd4 Nf6 5. Nc3 e5 6. Nb3 Be7 7. h3 Be6 8. f4
Nfd7 9. Qf3 O-O 10. f5 Bxb3 11. axb3 Nc6 12. g3 Nd4 13. Qf2 Nb6 14. Be3 d5 15.
Rd1 Bc5 16. Bd3 Nxc2+ 17. Bxc2 d4 18. Qg1 Qc7 19. Nb5 Qc6 20. Bxd4 exd4 21. Bd3
Nd7 22. Rc1 Ne5 23. Qf1 Rfe8 24. Kd1 Qb6 25. b4 Bd6 26. f6 a6 27. Nxd6 Qxd6 28.
fxg7 Qxb4 29. Rh2 Qb3+ 30. Bc2 Qxb2 31. Rb1 Qc3 32. Rb3 Qc6 33. Rd2 Rac8 34. Qf5
Rc7 35. Ke1 b5 36. Kf2 Kxg7 37. Bd1 d3 38. Bh5 Qf6 39. Ra2 Re6 40. Ke3 Qh6+ 41.
Kd4 Rd6+ 0-1

[Event "World Youth Girls U16 2014"]
[Site "Durban RSA"]
[Date "2014.09.21"]
[Round "3.4"]
[White "Abdusattorova, Bakhora"]
[Black "Gazikova, Veronika"]
[Result "1-0"]
[WhiteTitle "WFM"]
[BlackTitle "WFM"]
[WhiteElo "2008"]
[BlackElo "2134"]
[WhiteFideId "14204126"]
[BlackFideId "14919311"]
[EventDate "2014.09.20"]

1. d4 Nf6 2. c4 g6 3. Nc3 d5 4. cxd5 Nxd5 5. e4 Nxc3 6. bxc3 Bg7 7. Nf3 c5 8.
Be3 O-O 9. Be2 Nc6 10. O-O cxd4 11. cxd4 Bg4 12. d5 Na5 13. Rc1 b6 14. h3 Bxf3
15. Bxf3 Rc8 16. Qa4 Qd6 17. Bd2 Qb8 18. Bg4 Rxc1 19. Rxc1 Nb7 20. Be3 Nd6 21.
Bf4 Qb7 22. e5 b5 23. Qb4 a5 24. Qb1 Nf5 25. Rc5 b4 26. Qd3 Qa7 27. Qc4 Re8 28.
Rc7 Qa8 29. d6 Nh4 30. Qc6 Qxc6 31. Rxc6 exd6 32. exd6 f5 33. d7 Re1+ 34. Kh2 1-0

[Event "World Youth Girls U16 2014"]
[Site "Durban RSA"]
[Date "2014.09.21"]
[Round "3.5"]
[White "Gal, Hanna Krisztina"]
[Black "Beinenson, Katsiaryna"]
[Result "1-0"]
[BlackTitle "WFM"]
[WhiteElo "2094"]
[BlackElo "1980"]
[WhiteFideId "711861"]
[BlackFideId "13507044"]
[EventDate "2014.09.20"]

1. e4 c5 2. Nf3 Nc6 3. Bb5 Nf6 4. Bxc6 dxc6 5. d3 Bg4 6. Nbd2 Qc7 7. b3 e5 8.
Bb2 Nd7 9. h3 Bh5 10. Nc4 f6 11. Qe2 Bf7 12. Ne3 O-O-O 13. O-O-O Qa5 14. Kb1 b5
15. c3 Nb6 16. Qc2 Kb7 17. Rc1 Rc8 18. Rhd1 Ka8 19. Rd2 Rg8 20. Rcd1 Be6 21. g4
Qa6 22. h4 Qb7 23. g5 a5 24. c4 a4 25. Rg1 Rb8 26. Rdd1 Bd6 27. Nd2 Rgf8 28. Rg2
Rf7 29. Rdg1 Bf8 30. h5 Rd7 31. Rd1 Bf7 32. g6 hxg6 33. hxg6 Bg8 34. Rgg1 Qa6
35. Kc1 Ra7 36. Nb1 axb3 37. axb3 Nc8 38. Kd2 Nd6 39. Nc3 b4 40. Ne2 Rd8 41. Ke1
Ne8 42. f3 Nc7 43. Kf2 Qc8 44. Ra1 Qd7 45. Rxa7+ Kxa7 46. Rd1 Qh3 47. Rg1 Qd7
48. Rd1 Ne6 49. Nf5 Ng5 50. Bc1 Ne6 51. Be3 Kb7 52. Qd2 Nc7 53. f4 Be6 54. Neg3
Qe8 55. Nh4 Bg4 56. Ne2 exf4 57. Bxf4 Ne6 58. Be3 Qd7 59. Rg1 Nc7 60. Nf4 Bd6
61. Nhg2 Be5 62. Bxc5 Bc3 63. Qc2 Rh8 64. Be3 f5 65. Bd2 Bd4+ 66. Be3 fxe4 67.
dxe4 Bxe3+ 68. Nxe3 Rf8 69. Rxg4 Ne6 70. Kg3 Nxf4 71. Rxf4 Qd6 72. Qf2 Qxg6+ 73.
Ng4 Rd8 74. Rf7+ Kc8 75. Qf5+ Qxf5 76. Rxf5 Rd3+ 77. Rf3 1-0

[Event "World Youth Girls U16 2014"]
[Site "Durban RSA"]
[Date "2014.09.21"]
[Round "3.6"]
[White "Varshini, V"]
[Black "Monnisha, GK"]
[Result "1/2-1/2"]
[WhiteTitle "WFM"]
[BlackTitle "WFM"]
[WhiteElo "1987"]
[BlackElo "2078"]
[WhiteFideId "5091241"]
[BlackFideId "5009936"]
[EventDate "2014.09.20"]

1. e4 e5 2. Nf3 Nc6 3. Bc4 Nf6 4. d3 Bc5 5. c3 O-O 6. O-O d5 7. exd5 Nxd5 8. Re1
Bg4 9. Nbd2 Nb6 10. Bb5 f6 11. h3 Bh5 12. Ne4 Be7 13. Ng3 Be8 14. d4 Nxd4 15.
Bxe8 Nxf3+ 16. Qxf3 Rxe8 17. Qxb7 Qd5 18. Qxd5+ Nxd5 19. Bd2 Kf7 20. Rad1 Red8
21. Nf5 Bf8 22. g3 Rd7 23. Kf1 Rad8 24. Ke2 g6 25. Ne3 Nb6 26. Nc2 Bc5 27. Be3
Bxe3 28. Nxe3 Na4 29. Rxd7+ Rxd7 30. Rd1 Ke6 31. Rxd7 Kxd7 32. Nd5 f5 33. Nf6+
Ke6 34. Nxh7 Nxb2 35. Nf8+ Kf7 36. Nd7 e4 37. Ne5+ Kf6 38. Nc6 Na4 39. Kd2 g5
40. Nxa7 f4 41. gxf4 gxf4 42. Nb5 c6 43. Nd4 c5 44. Ne2 Kf5 45. h4 Kg4 46. h5
Kxh5 47. Nxf4+ Kg4 48. Ne6 Kf3 49. Ng5+ Kf4 50. Ne6+ Ke5 51. Nc7 Nb2 52. Ke2 Na4
53. Kd2 Nb2 54. Ke2 Na4 55. Kd2 Nb2 56. Ke2 1/2-1/2

[Event "World Youth Girls U16 2014"]
[Site "Durban RSA"]
[Date "2014.09.21"]
[Round "3.7"]
[White "Fesselier, Melissa"]
[Black "Mahalakshmi, M"]
[Result "0-1"]
[BlackTitle "WFM"]
[WhiteElo "1966"]
[BlackElo "2048"]
[WhiteFideId "20689284"]
[BlackFideId "5001080"]
[EventDate "2014.09.20"]

1. e4 c6 2. d4 d5 3. exd5 cxd5 4. c4 Nf6 5. Nc3 Nc6 6. Bg5 Be6 7. c5 g6 8. Be2
Bg7 9. Nf3 O-O 10. O-O Ne4 11. Bf4 Bg4 12. Be3 Qd7 13. h3 Bf5 14. Bb5 Rfd8 15.
Bf4 Nxc3 16. bxc3 Be4 17. Nd2 Qf5 18. Be3 e5 19. f3 Bc2 20. Qc1 exd4 21. g4 Qe5
22. Bf2 d3 23. Nb1 Na5 24. Re1 Qc7 25. Kg2 a6 26. Bh4 axb5 27. Bxd8 Rxd8 0-1

[Event "World Youth Girls U16 2014"]
[Site "Durban RSA"]
[Date "2014.09.21"]
[Round "3.8"]
[White "Wozniak, Mariola"]
[Black "Drogovoz, Irina"]
[Result "1-0"]
[WhiteTitle "WCM"]
[WhiteElo "1992"]
[BlackElo "2313"]
[WhiteFideId "1152050"]
[BlackFideId "4176715"]
[EventDate "2014.09.20"]

1. e4 c5 2. Nf3 d6 3. d4 cxd4 4. Nxd4 Nf6 5. Nc3 a6 6. Be2 e6 7. O-O Be7 8. a4
Nc6 9. Nb3 b6 10. f4 Bb7 11. Qe1 O-O 12. Bd3 Qc7 13. Bd2 Rfd8 14. Qg3 g6 15.
Rae1 Rac8 16. Kh1 d5 17. exd5 Nxd5 18. Nxd5 Rxd5 19. Bc3 Rh5 20. Rxe6 Rh6 21.
Re3 Nb4 22. Rfe1 Bf8 23. Be5 Qd7 24. Nd4 Nxd3 25. Rxd3 Qxa4 26. Qg5 Qb4 27. Rde3
Qe7 28. Bf6 Qd7 29. c3 Rc5 30. Be5 Qe7 31. Qxe7 Bxe7 32. Bb8 Rc8 33. Rxe7 Rxb8
34. Re8+ Rxe8 35. Rxe8+ Kg7 36. Rb8 Be4 37. Rxb6 Rh4 38. Kg1 Bd3 39. g3 Rh5 40.
Nf3 Ra5 41. Ne5 Bf5 42. Rb7 Be6 43. Kf2 g5 44. Nc6 Ra2 45. Nd4 Kf6 46. Nxe6 fxe6
47. Kf3 h5 48. fxg5+ Kxg5 49. c4 Ra4 50. b3 Ra2 51. h3 Rc2 52. Rg7+ Kf6 53. Ra7
Ke5 54. Rxa6 Rc3+ 55. Kf2 h4 56. gxh4 Rxb3 57. Kg2 Rc3 58. Rc6 Kf5 59. c5 Kf4
60. Rc8 Rc2+ 61. Kf1 Kf3 62. Ke1 Rh2 63. c6 Rxh3 64. c7 Ke3 65. Rf8 1-0

[Event "World Youth Girls U16 2014"]
[Site "Durban RSA"]
[Date "2014.09.21"]
[Round "3.10"]
[White "Vasova, Maria"]
[Black "Unuk, Laura"]
[Result "0-1"]
[BlackTitle "WFM"]
[WhiteElo "1958"]
[BlackElo "2247"]
[WhiteFideId "2900955"]
[BlackFideId "14609215"]
[EventDate "2014.09.20"]

1. e4 e6 2. d4 d5 3. Nd2 c5 4. exd5 Qxd5 5. Ngf3 cxd4 6. Bc4 Qd6 7. O-O Nf6 8.
Nb3 Nc6 9. Nbxd4 Nxd4 10. Qxd4 Qxd4 11. Nxd4 a6 12. a4 Bd7 13. c3 Rc8 14. Be2 e5
15. Nc2 Ne4 16. Be3 Nc5 17. Bxc5 Bxc5 18. Bf3 Rc7 19. Rfe1 f6 20. Nd4 Kd8 21.
Nb3 Bb6 22. Bd5 Ke7 23. Red1 Rd8 24. Be4 f5 25. Bc2 e4 26. Nd2 Be6 27. Nf1 Rcd7
28. Ng3 Rd2 29. Rxd2 Rxd2 30. Rc1 Rxf2 31. Kh1 Be3 0-1

[Event "World Youth Girls U16 2014"]
[Site "Durban RSA"]
[Date "2014.09.21"]
[Round "3.11"]
[White "Wafa, Shahenda"]
[Black "Drogovoz, Maria"]
[Result "0-1"]
[WhiteTitle "WIM"]
[WhiteElo "1917"]
[BlackElo "2167"]
[WhiteFideId "10609962"]
[BlackFideId "4176731"]
[EventDate "2014.09.20"]

1. e4 c5 2. Nf3 d6 3. d4 cxd4 4. Nxd4 Nf6 5. Nc3 a6 6. Bg5 Nbd7 7. f4 Qb6 8. Qd2
Qxb2 9. Rb1 Qa3 10. Be2 e5 11. Nf3 b6 12. Bxf6 Nxf6 13. fxe5 dxe5 14. Nxe5 Bb4
15. Rb3 Nxe4 16. Rxa3 Nxd2 17. Nd5 Nf3+ 18. Kf2 Bxa3 19. Kxf3 O-O 20. Nxb6 Be6
21. Nxa8 Rxa8 22. Bc4 Bxc4 23. Nxc4 Bc5 24. Rd1 0-1

[Event "World Youth Girls U16 2014"]
[Site "Durban RSA"]
[Date "2014.09.21"]
[Round "3.12"]
[White "Bluhm, Sonja Maria"]
[Black "Fuskova, Martina"]
[Result "1/2-1/2"]
[WhiteTitle "WFM"]
[WhiteElo "2155"]
[BlackElo "1961"]
[WhiteFideId "24654027"]
[BlackFideId "300063"]
[EventDate "2014.09.20"]

1. e4 c5 2. Nf3 e6 3. d4 cxd4 4. Nxd4 Nf6 5. Bd3 Nc6 6. Nf3 d5 7. exd5 Nxd5 8.
c3 Bd6 9. O-O Qc7 10. Re1 Bd7 11. Qe2 O-O-O 12. b4 f6 13. Be3 Ne5 14. Nxe5 Bxe5
15. h3 Kb8 16. Rc1 g5 17. Be4 Nxe3 18. fxe3 Bc6 19. Bxc6 Qxc6 20. Nd2 h5 21. Nf1
Rdg8 22. Rc2 h4 23. Qf3 Qb6 24. Rd1 f5 25. Rd7 g4 26. hxg4 Rxg4 27. Kh1 h3 28.
g3 Rhg8 29. Rcd2 Bxg3 30. Nxg3 Rxg3 31. Qf4+ Kc8 32. R2d6 Qb5 33. Rc7+ Kxc7 34.
Rd5+ Kb6 35. Qd4+ Ka6 36. Rxb5 Rg1+ 37. Kh2 R1g2+ 38. Kh1 Rg1+ 1/2-1/2

[Event "World Youth Girls U16 2014"]
[Site "Durban RSA"]
[Date "2014.09.21"]
[Round "3.13"]
[White "Bykovtsev, Agata"]
[Black "Kafetzi, Angeliki"]
[Result "1-0"]
[WhiteElo "2059"]
[BlackElo "1896"]
[WhiteFideId "2046547"]
[BlackFideId "4238419"]
[EventDate "2014.09.20"]

1. e4 c5 2. Nf3 d6 3. Nc3 Nf6 4. d4 cxd4 5. Nxd4 Nc6 6. Bc4 Bd7 7. O-O g6 8. Re1
Bg7 9. Bb3 Nxd4 10. Qxd4 O-O 11. Bg5 Bc6 12. Qd2 Rc8 13. Rad1 Nd7 14. Qf4 Ne5
15. Qh4 Re8 16. f4 Nd7 17. f5 Ne5 18. fxg6 hxg6 19. Re3 Bd7 20. Rxd6 Rxc3 21.
Rxc3 Qa5 22. Bxe7 Rxe7 23. Qxe7 1-0

[Event "World Youth Girls U16 2014"]
[Site "Durban RSA"]
[Date "2014.09.21"]
[Round "3.14"]
[White "Caxita, Esperanca"]
[Black "Egorova, Ayyyna"]
[Result "0-1"]
[WhiteTitle "WIM"]
[BlackTitle "WCM"]
[WhiteElo "1769"]
[BlackElo "1992"]
[WhiteFideId "10100903"]
[BlackFideId "24136611"]
[EventDate "2014.09.20"]

1. e4 Nf6 2. e5 Nd5 3. d4 d6 4. c4 Nb6 5. f4 dxe5 6. fxe5 Bf5 7. Nc3 Nc6 8. Nf3
Nb4 9. Nh4 Nc2+ 10. Kf2 Nxd4 11. Be3 c5 12. Bxd4 cxd4 13. Nb5 e6 14. Nxf5 exf5
15. Qxd4 Qxd4+ 16. Nxd4 Bc5 17. Ke3 O-O-O 18. Rd1 Rxd4 19. Rxd4 Rd8 20. b4 Bxd4+
21. Kf4 Bc3 22. c5 Nd5+ 23. Kxf5 Bd4 0-1

[Event "World Youth Girls U16 2014"]
[Site "Durban RSA"]
[Date "2014.09.21"]
[Round "3.15"]
[White "Keskin, Suara"]
[Black "Besso, Guadalupe"]
[Result "0-1"]
[BlackTitle "WCM"]
[WhiteElo "1674"]
[BlackElo "1952"]
[WhiteFideId "6332650"]
[BlackFideId "123161"]
[EventDate "2014.09.20"]

1. d4 Nf6 2. Bf4 g6 3. Nd2 d5 4. e3 Bg7 5. Ngf3 O-O 6. Bd3 c5 7. c3 Nc6 8. h3
Nd7 9. Bh2 e5 10. Nxe5 Ndxe5 11. dxe5 Nxe5 12. Bc2 d4 13. Bxe5 dxe3 14. Bxg7
exd2+ 15. Qxd2 Re8+ 16. Kd1 Qxd2+ 17. Kxd2 Kxg7 18. Rae1 Be6 19. Bb3 c4 20. Bc2
b5 21. Be4 Rab8 22. Kc2 a5 23. a3 Rec8 24. Re3 b4 25. cxb4 axb4 26. a4 Rc5 27.
Ra1 Rb6 28. f4 Ra5 29. b3 cxb3+ 30. Kb2 Rd6 0-1

[Event "World Youth Girls U16 2014"]
[Site "Durban RSA"]
[Date "2014.09.21"]
[Round "3.17"]
[White "Dadello, Aleksandra"]
[Black "Jain, Shaileja"]
[Result "0-1"]
[WhiteElo "1907"]
[BlackElo "1736"]
[WhiteFideId "1177362"]
[BlackFideId "2089254"]
[EventDate "2014.09.20"]

1. e4 e5 2. Nf3 Nc6 3. Bc4 Bc5 4. c3 Nf6 5. d3 O-O 6. b4 Bb6 7. Nbd2 d5 8. exd5
Nxd5 9. Ne4 Kh8 10. Qb3 Nf4 11. Bxf4 exf4 12. O-O f6 13. a4 a6 14. Rfe1 Bg4 15.
d4 Bxf3 16. gxf3 f5 17. Nd2 Qh4 18. Bf1 Rf6 19. Re6 Bxd4 20. Re2 Rh6 21. h3 Rg6+
22. Bg2 Qxh3 0-1

[Event "World Youth Girls U16 2014"]
[Site "Durban RSA"]
[Date "2014.09.21"]
[Round "3.18"]
[White "Suchomelova, Simona"]
[Black "Breedt, Shade"]
[Result "1-0"]
[BlackTitle "WCM"]
[WhiteElo "1895"]
[BlackElo "1693"]
[WhiteFideId "348864"]
[BlackFideId "14304511"]
[EventDate "2014.09.20"]

1. e4 c5 2. Nf3 d6 3. c4 Nc6 4. d4 cxd4 5. Nxd4 Nf6 6. Nc3 g6 7. Be2 Bg7 8. Be3
O-O 9. O-O Nd7 10. Nc2 Nc5 11. f3 b6 12. Qd2 Bb7 13. Rac1 Rc8 14. Rfd1 Qc7 15.
Nd5 Qd7 16. b4 Ne6 17. b5 Ncd8 18. Ncb4 Nc5 19. Qc2 Nde6 20. a4 Nc7 21. Qa2 Nxd5
22. cxd5 Rc7 23. Nc6 Ba8 24. Rc2 Rfc8 25. Rdc1 Bxc6 26. dxc6 Qd8 27. Bc4 e6 28.
Rd1 Qe7 29. Bf4 Rd8 30. Rcc1 e5 31. Be3 Kh8 32. a5 f5 33. axb6 axb6 34. Qc2 f4
35. Bf2 g5 36. Bxc5 bxc5 37. Bd5 Rb8 38. Rb1 Rb6 39. Qd2 Bf8 40. Bc4 Rc8 41. Qd5
Qg7 42. Ra1 Rc7 43. Ra8 h5 44. Qxd6 1-0

[Event "World Youth Girls U16 2014"]
[Site "Durban RSA"]
[Date "2014.09.21"]
[Round "3.19"]
[White "Peng, Xinbei"]
[Black "Parhomenko, Margarita"]
[Result "1-0"]
[WhiteElo "1626"]
[BlackElo "1894"]
[WhiteFideId "8607680"]
[BlackFideId "11603216"]
[EventDate "2014.09.20"]

1. e4 c6 2. d3 d5 3. Qe2 g6 4. g3 Bg7 5. Bg2 Nh6 6. Nf3 f5 7. exd5 cxd5 8. d4
Nc6 9. c3 O-O 10. O-O Nf7 11. Bf4 h6 12. h4 Bf6 13. Qe3 Kh7 14. Nbd2 e6 15. Ne5
g5 16. Nxf7 Rxf7 17. hxg5 hxg5 18. Be5 1-0

[Event "World Youth Girls U16 2014"]
[Site "Durban RSA"]
[Date "2014.09.21"]
[Round "3.20"]
[White "Shapar, Tatiana"]
[Black "Sajjadi, Kimiya"]
[Result "1-0"]
[WhiteElo "1877"]
[BlackElo "1665"]
[WhiteFideId "24174840"]
[BlackFideId "1516434"]
[EventDate "2014.09.20"]

1. e4 e6 2. Nf3 d5 3. Nc3 c5 4. exd5 exd5 5. Bb5+ Bd7 6. Qe2+ Ne7 7. Nxd5 a6 8.
Bxd7+ Nxd7 9. O-O Rc8 10. d4 cxd4 11. Nxd4 Nc5 12. c4 Qd6 13. Bf4 Qd7 14. b4 Ne6
15. Nxe6 fxe6 1-0

[Event "World Youth Girls U16 2014"]
[Site "Durban RSA"]
[Date "2014.09.21"]
[Round "3.21"]
[White "Methmani, Nelunika"]
[Black "Trippold, Denise"]
[Result "1-0"]
[WhiteTitle "WIM"]
[WhiteElo "1614"]
[BlackElo "1842"]
[WhiteFideId "9910050"]
[BlackFideId "1625594"]
[EventDate "2014.09.20"]

1. d4 Nf6 2. c4 e6 3. Nc3 Bb4 4. Qc2 c5 5. dxc5 O-O 6. a3 Bxc5 7. Nf3 b5 8. Bf4
Bb7 9. h3 Nc6 10. e3 Rc8 11. Bd3 Be7 12. O-O Na5 13. b3 Bxf3 14. gxf3 Nb7 15. b4
Nd6 16. Qe2 Nh5 17. Bh2 f5 18. f4 Nf6 19. f3 Qe8 20. e4 Nh5 21. e5 Qg6+ 22. Kh1
Nf7 23. Rg1 Qh6 24. Qe3 Nh8 25. Ra2 Ng6 26. Rag2 Nxe5 27. Qxe5 Bf6 28. Qe1 Nxf4
29. Bxf4 Qxf4 30. Rg3 Rf7 31. Ne2 Qd6 32. Qd1 Bh4 33. R3g2 Re8 34. Ng3 Bf6 35.
Nh5 Bd4 36. Bc2 f4 37. Nxg7 1-0

[Event "World Youth Girls U16 2014"]
[Site "Durban RSA"]
[Date "2014.09.21"]
[Round "3.23"]
[White "Ranasinghe, Thinithi Sahanika"]
[Black "Auvray, Honorine"]
[Result "1-0"]
[WhiteElo "1596"]
[BlackElo "1799"]
[WhiteFideId "9914382"]
[BlackFideId "600512"]
[EventDate "2014.09.20"]

1. c4 e5 2. Nc3 Nf6 3. g3 d5 4. cxd5 Nxd5 5. Bg2 Nb6 6. d3 Be7 7. Nf3 Nc6 8. O-O
O-O 9. b3 f6 10. Bb2 Bg4 11. Rc1 Re8 12. Re1 f5 13. Nd2 Bg5 14. Ncb1 Nd5 15. a3
f4 16. Rc5 Bf6 17. Bf3 Bd7 18. Rc2 fxg3 19. hxg3 1-0

[Event "World Youth Girls U16 2014"]
[Site "Durban RSA"]
[Date "2014.09.21"]
[Round "3.24"]
[White "Nyamdorj, Uranchimeg"]
[Black "Maouchi, Amina"]
[Result "1/2-1/2"]
[WhiteElo "1784"]
[BlackElo "1613"]
[WhiteFideId "4902386"]
[BlackFideId "7900929"]
[EventDate "2014.09.20"]

1. e4 e5 2. Nf3 Nc6 3. Bb5 a6 4. Ba4 Nf6 5. O-O b5 6. Bb3 Bc5 7. Re1 d6 8. h3
O-O 9. c3 Bb6 10. d4 h6 11. a3 Bb7 12. Bc2 Re8 13. dxe5 Nxe4 14. Bxe4 Nxe5 15.
Bf4 Re6 16. Nbd2 Qd7 17. Bxe5 dxe5 1/2-1/2

[Event "World Youth Girls U16 2014"]
[Site "Durban RSA"]
[Date "2014.09.21"]
[Round "3.25"]
[White "Tao, Rachel Long-Xin"]
[Black "Eng, Rachael"]
[Result "1/2-1/2"]
[WhiteElo "1592"]
[BlackElo "1778"]
[WhiteFideId "2616300"]
[BlackFideId "2062224"]
[EventDate "2014.09.20"]

1. e4 e5 2. Bc4 Nc6 3. Nf3 Bc5 4. O-O d6 5. d3 h6 6. c3 Bg4 7. Nbd2 Nf6 8. h3
Bh5 9. Re1 O-O 10. Bb3 a5 11. Nf1 a4 12. Bc2 Nd7 13. Ng3 Bg6 14. Bxa4 Ne7 15. b4
Bb6 16. Bb3 Kh8 17. Nh4 c6 18. Qf3 d5 19. Ngf5 dxe4 20. dxe4 Nxf5 21. Nxf5 Bxf5
22. Qxf5 Qf6 23. Qxf6 Nxf6 24. Bd2 Rad8 25. Rad1 Rd7 26. Bc1 Rfd8 27. Rxd7 Rxd7
28. Bc2 Kg8 29. Kf1 Kf8 30. Ke2 Ke8 31. a4 Ba7 32. Be3 Bxe3 33. Kxe3 Kd8 34. Rd1
Kc7 35. Rxd7+ Nxd7 36. Bb3 f6 37. g3 Kd6 38. Kf3 c5 39. b5 b6 40. Kg4 Kc7 41.
Bd5 g6 42. f4 exf4 43. gxf4 Kd6 44. c4 Ke7 45. Bc6 f5+ 46. exf5 Nf6+ 47. Kf3
gxf5 48. Ke3 h5 49. Bf3 h4 50. Kd3 Kd6 51. Kd2 Ne8 52. Kc3 Ng7 53. Kd2 1/2-1/2

[Event "World Youth Girls U16 2014"]
[Site "Durban RSA"]
[Date "2014.09.21"]
[Round "3.26"]
[White "Padayachee, Keyana Chloe"]
[Black "Ljikar, Tamara"]
[Result "0-1"]
[WhiteTitle "WCM"]
[WhiteElo "1478"]
[BlackElo "1768"]
[WhiteFideId "14306433"]
[BlackFideId "14530767"]
[EventDate "2014.09.20"]

1. e4 c5 2. Nf3 e6 3. Nc3 a6 4. d4 cxd4 5. Nxd4 Qc7 6. Bd3 Nc6 7. Nf3 Nf6 8. Be3
Be7 9. Qd2 b5 10. a3 Bb7 11. Bf4 d6 12. O-O O-O 13. Rad1 Rfd8 14. Rfe1 Ne5 15.
Nxe5 dxe5 16. Bg5 Rac8 17. Bxf6 Bxf6 18. Qe3 Be7 19. Ne2 Rd7 20. Ng3 Rcd8 21.
Qe2 Qc6 22. Nh5 f5 23. Ng3 f4 24. Nf1 Bc5 25. Nd2 h6 26. Nf3 Qc7 27. h4 Be7 28.
g3 Rf8 29. c4 b4 30. axb4 Bxb4 31. Rf1 Bc5 32. Kg2 Rdf7 33. Rb1 a5 34. b3 g5 35.
Qb2 Bd4 36. Nxd4 exd4 37. hxg5 f3+ 38. Kg1 hxg5 39. Qxd4 e5 40. Qe3 Qe7 41. Qb6
Rh7 42. Qg6+ Kh8 43. Be2 fxe2 44. Rfe1 Qd7 45. Qxg5 Qh3 46. Qxe5+ Kg8 47. Qg5+
Rg7 48. Qe3 Re8 49. f4 Rxg3+ 0-1

[Event "World Youth Girls U16 2014"]
[Site "Durban RSA"]
[Date "2014.09.21"]
[Round "3.27"]
[White "Ciungan, Diana-Alexandra"]
[Black "Marx, Inge"]
[Result "1/2-1/2"]
[WhiteElo "1762"]
[BlackElo "1488"]
[WhiteFideId "1219472"]
[BlackFideId "14306271"]
[EventDate "2014.09.20"]

1. e4 c5 2. Nf3 d6 3. d4 cxd4 4. Nxd4 Nf6 5. Nc3 g6 6. Be3 Bg7 7. f3 O-O 8. Qd2
Nc6 9. O-O-O Nxd4 10. Bxd4 Be6 11. g4 Qa5 12. Kb1 Rfc8 13. h4 Rab8 14. g5 Nh5
15. Bh3 Bxd4 16. Qxd4 Nf4 17. Bxe6 Nxe6 18. Qe3 b5 19. h5 Rc5 20. hxg6 fxg6 21.
Nd5 Rb7 22. b3 1/2-1/2

[Event "World Youth Girls U16 2014"]
[Site "Durban RSA"]
[Date "2014.09.21"]
[Round "3.30"]
[White "Le Bihan, Alison"]
[Black "Zhang, Manxuan"]
[Result "1/2-1/2"]
[WhiteElo "1714"]
[BlackElo "1593"]
[WhiteFideId "20654570"]
[BlackFideId "2619504"]
[EventDate "2014.09.20"]

1. d4 f5 2. Nf3 Nf6 3. g3 g6 4. Bg2 Bg7 5. O-O O-O 6. c4 d6 7. Nc3 c6 8. Re1 Na6
9. e4 fxe4 10. Nxe4 Bg4 11. Neg5 Qd7 12. h3 Bxf3 13. Bxf3 Nc7 14. Bg2 h6 15. Nf3
g5 16. h4 g4 17. Nh2 Rae8 18. Nf1 Rf7 19. Be3 d5 20. b4 e5 21. dxe5 Rxe5 22. Qd2
Qe6 23. Bf4 Ne4 24. Bxe4 Rxe4 25. Rxe4 Qxe4 26. Re1 Qd4 27. Bxc7 Qxd2 28. Re8+
Kh7 29. Nxd2 Rxc7 30. Kg2 dxc4 31. Nxc4 Rf7 32. Ne5 Bxe5 33. Rxe5 Kg8 34. Re4 h5
35. Re5 Rd7 36. Re1 Kf7 37. f3 gxf3+ 38. Kxf3 Rd3+ 39. Kg2 Rd7 40. Kf3 Rd3+ 41.
Kg2 Rd7 42. Kf3 Rd3+ 1/2-1/2